[Event "?"]
[Site "?"]
[Date "????.??.??"]
[Round "?"]
[White "Lindner, J."]
[Black "Csulits, A."]
[Result "1/2-1/2"]
[WhiteElo "2174"]
[BlackElo "2222"]
[PlyCount "33"]
[EventDate "2010.??.??"]
[WhiteTeam "Kgl SV  Den Haag"]
[BlackTeam "Sachsen-Anhalt"]

1. c4 Nf6 2. Nc3 d6 3. g3 g6 4. Bg2 Bg7 5. e4 O-O 6. Nge2 e5 7. O-O Nc6 8. d3
Nd4 9. f4 Bg4 10. h3 Bxe2 11. Nxe2 Nxe2+ 12. Qxe2 Nh5 13. Qf3 Bh6 14. Be3 Qf6
15. b3 b6 16. Rad1 Rae8 17. Kh2 1/2-1/2

[Event "?"]
[Site "?"]
[Date "????.??.??"]
[Round "?"]
[White "Hamm, G."]
[Black "Monte, P."]
[Result "1/2-1/2"]
[WhiteElo "2124"]
[BlackElo "2102"]
[PlyCount "100"]
[EventDate "2010.??.??"]
[WhiteTeam "Sachsen-Anhalt"]
[BlackTeam "Kgl SV  Den Haag"]

1. Nf3 e6 2. d4 f5 3. g3 Nf6 4. Bg2 Be7 5. c4 O-O 6. Nc3 d6 7. O-O Qe8 8. Qc2
Qh5 9. b4 Nc6 10. b5 Nd8 11. a4 Nf7 12. Ba3 g5 13. Rfd1 g4 14. Ne1 Ng5 15. Nd3
Qf7 16. Nf4 Rb8 17. a5 Bd7 18. Rab1 c6 19. c5 dxc5 20. dxc5 Nd5 21. Ncxd5 exd5
22. a6 Ne4 23. axb7 Rxb7 24. bxc6 Rxb1 25. Rxb1 Bxc6 26. f3 Ng5 27. Bb2 Rd8 28.
Bd4 Ne6 29. Nxe6 Qxe6 30. Qc3 Re8 31. Bf1 Bf8 32. Ra1 Re7 33. Ra6 Qc8 34. Qa3
Qb7 35. fxg4 fxg4 36. e3 Rf7 37. Bd3 Qd7 38. Qa1 Bh6 39. Qb1 Qe8 40. Qe1 Re7
41. Ra3 Bg5 42. Bf5 h5 43. Bb1 Rb7 44. Qf1 Qf7 45. Qf5 Qxf5 46. Bxf5 Kf7 47.
Ra6 Rc7 48. Kf2 Bf6 49. Bd3 Bxd4 50. exd4 Kg7 1/2-1/2

[Event "?"]
[Site "?"]
[Date "????.??.??"]
[Round "?"]
[White "Vink, W."]
[Black "Liebscher, H."]
[Result "1/2-1/2"]
[WhiteElo "2001"]
[BlackElo "2107"]
[PlyCount "62"]
[EventDate "2010.??.??"]
[WhiteTeam "Kgl SV  Den Haag"]
[BlackTeam "Sachsen-Anhalt"]

1. d4 Nf6 2. Nf3 e6 3. c4 b6 4. g3 Bb7 5. Bg2 d5 6. cxd5 exd5 7. O-O Bd6 8. Nc3
a6 9. Bf4 Bxf4 10. gxf4 Nbd7 11. Ne5 Ne4 12. Bxe4 dxe4 13. Nxd7 Qxd7 14. e3 g5
15. fxg5 h6 16. g6 Rg8 17. Kh1 Rxg6 18. Rg1 Qf5 19. Qe2 O-O-O 20. Rg3 Rgd6 21.
Rd1 h5 22. Rdg1 Rg6 23. h3 Kb8 24. Kh2 Bc8 25. Qf1 Rdg8 26. Ne2 h4 27. Rxg6
fxg6 28. Qg2 Rf8 29. Nf4 Rg8 30. Qg5 Kb7 31. Qxf5 Bxf5 1/2-1/2

[Event "?"]
[Site "?"]
[Date "????.??.??"]
[Round "?"]
[White "Stimpel, F."]
[Black "Van Oosten, A."]
[Result "0-1"]
[WhiteElo "2264"]
[BlackElo "2141"]
[PlyCount "80"]
[EventDate "2010.??.??"]
[WhiteTeam "Hessen 2"]
[BlackTeam "Oranjeteam 1"]

1. d4 f5 2. Bg5 g6 3. Nd2 Bg7 4. e3 Nf6 5. h4 d6 6. Bc4 Nc6 7. Ne2 e5 8. h5 h6
9. Bxf6 Qxf6 10. c3 g5 11. Qc2 Bd7 12. O-O-O Na5 13. Bd5 c6 14. Bb3 exd4 15.
Nxd4 d5 16. a3 Nxb3+ 17. N2xb3 b6 18. f3 O-O 19. Nd2 c5 20. Ne2 Bc6 21. Nf1
Rfe8 22. Kb1 Rad8 23. Ka1 Kh8 24. Neg3 Rf8 25. Ne2 Bb5 26. Nfg3 f4 27. exf4
gxf4 28. Nf1 Rfe8 29. Nc1 d4 30. c4 d3 31. Rxd3 Bxc4 32. Rxd8 Rxd8 33. Nd2 Bf7
34. Ne4 Qe5 35. Ne2 Rd3 36. N2c3 Re3 37. Rd1 Qe8 38. Nd6 Qe7 39. Nxf7+ Qxf7 40.
Ne4 Rxa3+ 0-1

[Event "?"]
[Site "?"]
[Date "????.??.??"]
[Round "?"]
[White "Holscher, P."]
[Black "Limberg, S."]
[Result "1/2-1/2"]
[WhiteElo "2043"]
[BlackElo "2152"]
[PlyCount "77"]
[EventDate "2010.??.??"]
[WhiteTeam "Oranjeteam 1"]
[BlackTeam "Hessen 2"]

1. d4 d5 2. Nf3 Nf6 3. g3 Bf5 4. Bg2 e6 5. O-O Nbd7 6. b3 c6 7. Bb2 Be7 8. Nbd2
h5 9. c4 Ne4 10. Nxe4 Bxe4 11. Ne1 Bxg2 12. Kxg2 h4 13. Nd3 Nf6 14. Ne5 Bd6 15.
Qd3 Qe7 16. a4 Ne4 17. h3 O-O-O 18. g4 g5 19. Rac1 Rdg8 20. Rc2 f6 21. Nf3 Kb8
22. c5 Bc7 23. b4 Ka8 24. b5 f5 25. bxc6 fxg4 26. cxb7+ Kb8 27. hxg4 h3+ 28.
Kh1 Rf8 29. Bc1 Rf7 30. Be3 Rhf8 31. Qd1 Kxb7 32. Rb2+ Ka8 33. Qd3 Bb8 34. Rfb1
Qc7 35. Rb7 Rxf3 36. Rxb8+ Rxb8 37. exf3 Rxb1+ 38. Qxb1 Qf7 39. Kh2 1/2-1/2

[Event "?"]
[Site "?"]
[Date "????.??.??"]
[Round "?"]
[White "Thieme, H."]
[Black "Arp, F."]
[Result "0-1"]
[WhiteElo "2128"]
[BlackElo "2089"]
[PlyCount "54"]
[EventDate "2010.??.??"]
[WhiteTeam "Hessen 2"]
[BlackTeam "Oranjeteam 1"]

1. e4 e5 2. Nc3 Nf6 3. Bc4 Bc5 4. d3 O-O 5. f4 d6 6. Nf3 Nc6 7. f5 Na5 8. Bg5
c6 9. Qd2 b5 10. Bb3 Nxb3 11. axb3 Re8 12. g4 d5 13. h4 dxe4 14. Bxf6 e3 15.
Qg2 Qxf6 16. Ne4 Qe7 17. Ke2 Bb6 18. Raf1 Bb7 19. f6 gxf6 20. g5 f5 21. Nf6+
Kh8 22. Nxe8 Rxe8 23. Qh3 e4 24. Ne1 Qb4 25. c3 Qxb3 26. Rh2 exd3+ 27. Kxd3
Qd1+ 0-1

[Event "?"]
[Site "?"]
[Date "????.??.??"]
[Round "?"]
[White "Rost van Tonningen, O."]
[Black "Biller, H."]
[Result "1-0"]
[WhiteElo "2058"]
[BlackElo "2158"]
[PlyCount "37"]
[EventDate "2010.??.??"]
[WhiteTeam "Oranjeteam 1"]
[BlackTeam "Hessen 2"]

1. e4 e6 2. b3 d5 3. Bb2 dxe4 4. Nc3 Nf6 5. Bc4 b6 6. Qe2 Bb7 7. f3 exf3 8.
Nxf3 Nbd7 9. O-O-O Be7 10. Rhf1 O-O 11. Ng5 h6 12. Nxf7 Rxf7 13. Qxe6 Qf8 14.
Rde1 Re8 15. Nb5 Bd8 16. Qxf7+ Qxf7 17. Rxe8+ Nxe8 18. Rxf7 Nc5 19. Rd7+ 1-0

[Event "?"]
[Site "?"]
[Date "????.??.??"]
[Round "?"]
[White "Meier, W."]
[Black "Rasmussen, L."]
[Result "1/2-1/2"]
[WhiteElo "2199"]
[BlackElo "2065"]
[PlyCount "30"]
[EventDate "2010.??.??"]
[WhiteTeam "BSW Lok Dresden"]
[BlackTeam "Luxemburg"]
[BlackTeamCountry "LUX"]

1. c4 f5 2. d4 e6 3. g3 d5 4. Bg2 Nf6 5. Nf3 c6 6. O-O Bd6 7. Bf4 Ne4 8. Bxd6
Nxd6 9. Nbd2 O-O 10. Qb3 Nd7 11. e3 Nf7 12. Ne1 g5 13. f4 g4 14. Nd3 h5 15.
Rfd1 h4 1/2-1/2

[Event "?"]
[Site "?"]
[Date "????.??.??"]
[Round "?"]
[White "Stull, N."]
[Black "Goldberg, V."]
[Result "1/2-1/2"]
[WhiteElo "2172"]
[BlackElo "2141"]
[PlyCount "103"]
[EventDate "2010.??.??"]
[WhiteTeam "Luxemburg"]
[BlackTeam "BSW Lok Dresden"]
[WhiteTeamCountry "LUX"]

1. d4 d5 2. c4 e6 3. Nc3 Nf6 4. Nf3 c6 5. e3 Nbd7 6. Bd3 dxc4 7. Bxc4 b5 8. Bd3
a6 9. e4 c5 10. e5 cxd4 11. Nxb5 Nxe5 12. Nxe5 axb5 13. Bxb5+ Bd7 14. Nxd7 Qa5+
15. Bd2 Qxb5 16. Nxf8 Kxf8 17. a4 Qxb2 18. O-O Ne4 19. Qf3 f5 20. Bf4 Kf7 21.
Rab1 Qc3 22. Qh5+ Kg8 23. Rb7 g6 24. Qh4 d3 25. Bh6 Re8 26. Rg7+ Qxg7 27. Bxg7
Kxg7 28. f3 g5 29. Qh5 Nf6 30. Qxg5+ Kf7 31. Rd1 Ra8 32. Rxd3 Rxa4 33. h3 h5
34. Rb3 Ra7 35. Qe3 Re7 36. Ra3 Rd8 37. Ra6 Rg8 38. Ra4 Rd7 39. Ra6 Re7 40. Ra7
Rge8 41. Rxe7+ Rxe7 42. Qf4 Nd5 43. Qe5 Nf6 44. Kf1 Re8 45. Qc7+ Kg6 46. Qg3+
Kf7 47. Qc7+ Kg6 48. Qc6 Kf7 49. Qc4 Rg8 50. Qc7+ Kg6 51. Qg3+ Kf7 52. Qc7+
1/2-1/2

[Event "?"]
[Site "?"]
[Date "????.??.??"]
[Round "?"]
[White "Eskandary, J."]
[Black "Feller, J."]
[Result "1/2-1/2"]
[WhiteElo "2139"]
[BlackElo "2212"]
[PlyCount "56"]
[EventDate "2010.??.??"]
[WhiteTeam "BSW Lok Dresden"]
[BlackTeam "Luxemburg"]
[BlackTeamCountry "LUX"]

1. e4 c5 2. Nc3 Nc6 3. Bc4 e6 4. d3 Nf6 5. Bf4 d6 6. a3 Be7 7. Ba2 O-O 8. Bg3
e5 9. Nge2 Be6 10. Nd5 Bxd5 11. exd5 Nd4 12. O-O Nd7 13. Nxd4 cxd4 14. f4 Bh4
15. Qg4 Bxg3 16. Qxg3 Rc8 17. Rac1 a5 18. Bc4 e4 19. Bb5 e3 20. c3 dxc3 21.
Bxd7 Qxd7 22. bxc3 Rfe8 23. Rfe1 Qb5 24. Rxe3 Qxd5 25. Rce1 Rxe3 26. Qxe3 h6
27. c4 Qc6 28. Qd4 Re8 1/2-1/2

[Event "?"]
[Site "?"]
[Date "????.??.??"]
[Round "?"]
[White "Pape, M."]
[Black "Rooze, J."]
[Result "0-1"]
[WhiteElo "2246"]
[BlackElo "2271"]
[PlyCount "146"]
[EventDate "2010.??.??"]
[WhiteTeam "Widukind 1"]
[BlackTeam "Belgien"]
[BlackTeamCountry "BEL"]

1. Nf3 Nf6 2. g3 d5 3. Bg2 c6 4. d3 Bg4 5. Nbd2 Nbd7 6. O-O e6 7. c4 Be7 8. a3
O-O 9. h3 Bh5 10. b3 Ne8 11. Bb2 Nc7 12. Ra2 Re8 13. Qa1 Bf8 14. Re1 Rc8 15.
Ne5 Nxe5 16. Bxe5 f6 17. Bc3 e5 18. Nf1 d4 19. Bd2 Ne6 20. b4 Bf7 21. Rb1 f5
22. a4 Qd7 23. b5 e4 24. bxc6 bxc6 25. Rab2 Nc5 26. Bf4 exd3 27. exd3 Nxd3 28.
Rb7 Qd8 29. Rd1 Nxf4 30. gxf4 Bc5 31. Nd2 Qd6 32. Nb3 Rcd8 33. Qb1 d3 34. Nxc5
Qxc5 35. Rxd3 Rxd3 36. Qxd3 g6 37. Kh2 Qxf2 38. Qf3 Qxf3 39. Bxf3 Bxc4 40. Bxc6
Re2+ 41. Kg1 a6 42. Rb4 Bd3 43. Bb7 Re7 44. Rb6 a5 45. Bc6 Kg7 46. Bb5 Bxb5 47.
Rxb5 Re4 48. Rxa5 Rxf4 49. Ra8 Kf6 50. a5 Kg5 51. a6 Ra4 52. Rh8 h5 53. Ra8 Kh4
54. a7 Kg3 55. Kf1 Ra1+ 56. Ke2 Kxh3 57. Rg8 Rxa7 58. Rxg6 h4 59. Rg5 Ra2+ 60.
Kf3 Ra3+ 61. Kf2 f4 62. Rg8 Kh2 63. Rg4 h3 64. Kf1 Ra1+ 65. Kf2 Ra2+ 66. Kf1 f3
67. Rg8 Rg2 68. Rf8 Kg3 69. Rg8+ Kf4 70. Rf8+ Ke4 71. Re8+ Kd5 72. Rd8+ Ke6 73.
Re8+ Kd7 0-1

[Event "?"]
[Site "?"]
[Date "????.??.??"]
[Round "?"]
[White "Van Herck, M."]
[Black "Nagorni, W."]
[Result "1-0"]
[WhiteElo "2156"]
[BlackElo "2093"]
[PlyCount "99"]
[EventDate "2010.??.??"]
[WhiteTeam "Belgien"]
[BlackTeam "Widukind 1"]
[WhiteTeamCountry "BEL"]

1. e4 c5 2. Nf3 Nc6 3. d4 cxd4 4. Nxd4 g6 5. c4 Bg7 6. Be3 Nf6 7. Nc3 d6 8. Be2
O-O 9. O-O Bd7 10. Qd2 Nxd4 11. Bxd4 Bc6 12. f3 a5 13. b3 Nd7 14. Rab1 Bxd4+
15. Qxd4 Qb6 16. Qxb6 Nxb6 17. Rfc1 Nd7 18. Kf2 Nc5 19. Ke3 f5 20. exf5 Rxf5
21. Rd1 Re5+ 22. Kf2 Rf8 23. Re1 g5 24. Kg3 Re3 25. Rbc1 h5 26. h3 Rf5 27. Bf1
Rfe5 28. Rxe3 Rxe3 29. Kf2 Re5 30. Re1 Rxe1 31. Kxe1 h4 32. Kf2 Kf7 33. g3 Ke6
34. gxh4 gxh4 35. Ke3 Ke5 36. f4+ Kf5 37. Be2 Kf6 38. Bf3 Bxf3 39. Kxf3 e5 40.
Ne4+ Ke6 41. Nxc5+ dxc5 42. Ke4 exf4 43. Kxf4 a4 44. bxa4 b6 45. Ke4 Kd6 46.
Kf5 Kd7 47. Ke5 Kc6 48. a3 Kc7 49. Kd5 Kd7 50. a5 1-0

[Event "?"]
[Site "?"]
[Date "????.??.??"]
[Round "?"]
[White "Rychlik, K."]
[Black "Maes, V."]
[Result "1-0"]
[WhiteElo "2075"]
[BlackElo "2163"]
[PlyCount "73"]
[EventDate "2010.??.??"]
[WhiteTeam "Widukind 1"]
[BlackTeam "Belgien"]
[BlackTeamCountry "BEL"]

1. d4 d5 2. c4 e6 3. Nc3 Nf6 4. Nf3 Be7 5. e3 O-O 6. Qc2 c5 7. cxd5 exd5 8.
dxc5 Bxc5 9. a3 Nc6 10. b4 Bb6 11. Na4 Bc7 12. Bb2 Qe7 13. Be2 Bg4 14. O-O Rac8
15. Qd2 Ne4 16. Qd1 Rfd8 17. Nd4 Bxe2 18. Qxe2 Ne5 19. f3 Nf6 20. Nc5 Bb8 21.
Nf5 Qf8 22. Nxb7 Re8 23. Bd4 g6 24. Ng3 Qe7 25. Nc5 Nc6 26. Bxf6 Qxf6 27. Rad1
Qc3 28. Rd3 Qd4 29. Qd2 Qh4 30. Rxd5 Bxg3 31. hxg3 Qxg3 32. e4 Ne5 33. Qf2 Qf4
34. g3 Qf6 35. Kg2 Qe6 36. Nxe6 fxe6 37. Rxe5 1-0

[Event "?"]
[Site "?"]
[Date "????.??.??"]
[Round "?"]
[White "Hajenius, W."]
[Black "Völpel, G."]
[Result "1/2-1/2"]
[WhiteElo "2043"]
[BlackElo "2102"]
[PlyCount "79"]
[EventDate "2010.??.??"]
[WhiteTeam "Belgien"]
[BlackTeam "Widukind 1"]
[WhiteTeamCountry "BEL"]

1. d4 Nf6 2. c4 e6 3. Nc3 d5 4. cxd5 exd5 5. Bg5 Be7 6. Qc2 O-O 7. e3 h6 8. Bh4
Nbd7 9. Rb1 c6 10. Bd3 Re8 11. Nge2 Nh5 12. Bxe7 Qxe7 13. O-O Nf8 14. b4 Nf6
15. Ng3 g6 16. Kh1 Bd7 17. Rfe1 Ne6 18. Qd2 Kg7 19. f4 Rad8 20. f5 Ng5 21. b5
Nge4 22. Bxe4 Nxe4 23. Ncxe4 dxe4 24. bxc6 Bxc6 25. Rf1 Kh7 26. Qa5 a6 27. Rb2
Rf8 28. f6 Qe6 29. Rbf2 Rd5 30. Qb4 Qd6 31. Qb1 Rb5 32. Qd1 Re8 33. Rf4 Re6 34.
Qg4 Qd5 35. Rf5 Qd8 36. R5f4 Rg5 37. Qd1 Ra5 38. Qg4 Rg5 39. Qd1 Ra5 40. Qg4
1/2-1/2

[Event "?"]
[Site "?"]
[Date "????.??.??"]
[Round "?"]
[White "Schmidt, G."]
[Black "Salov, S."]
[Result "1/2-1/2"]
[WhiteElo "2241"]
[BlackElo "2276"]
[PlyCount "32"]
[EventDate "2010.??.??"]
[WhiteTeam "USV TU Dresden"]
[BlackTeam "Schleswig-Holstein"]

1. d4 Nf6 2. Nf3 g6 3. c4 d6 4. Nc3 Bg7 5. h3 c6 6. Bg5 a6 7. e3 b5 8. a3 O-O
9. Be2 bxc4 10. Bxc4 Nbd7 11. O-O c5 12. Qe2 Bb7 13. Rac1 h6 14. Bh4 Nb6 15.
Ba2 cxd4 16. Nxd4 d5 1/2-1/2

[Event "?"]
[Site "?"]
[Date "????.??.??"]
[Round "?"]
[White "Böttcher, U."]
[Black "Petzold, H."]
[Result "0-1"]
[WhiteElo "2063"]
[BlackElo "2152"]
[PlyCount "66"]
[EventDate "2010.??.??"]
[WhiteTeam "Schleswig-Holstein"]
[BlackTeam "USV TU Dresden"]

1. c4 e5 2. Nc3 Nc6 3. Nf3 f5 4. d3 Bb4 5. Bd2 Nf6 6. a3 Bxc3 7. Bxc3 d6 8. g3
O-O 9. Bg2 Qe8 10. Qc1 Bd7 11. O-O h6 12. b4 Qh5 13. Ra2 Rae8 14. b5 Nd8 15. c5
e4 16. Bxf6 Rxf6 17. Nd4 d5 18. e3 Qg6 19. Rd2 Nf7 20. a4 Ne5 21. dxe4 fxe4 22.
Ne2 c6 23. Nf4 Qf7 24. bxc6 bxc6 25. Kh1 g5 26. Nh3 Qh5 27. Ng1 Ref8 28. Qb2
Nc4 29. Qa2 Nxe3 30. fxe3 Rxf1 31. Bxe4 Be6 32. Bg2 Qf7 33. Bxf1 Qxf1 0-1

[Event "?"]
[Site "?"]
[Date "????.??.??"]
[Round "?"]
[White "Kahn, P."]
[Black "Meiwald, G."]
[Result "1/2-1/2"]
[WhiteElo "2075"]
[BlackElo "2055"]
[PlyCount "62"]
[EventDate "2010.??.??"]
[WhiteTeam "USV TU Dresden"]
[BlackTeam "Schleswig-Holstein"]

1. e4 c6 2. c4 d5 3. exd5 cxd5 4. d4 Nf6 5. Nc3 e6 6. Nf3 Bb4 7. cxd5 Nxd5 8.
Bd2 O-O 9. Bd3 h6 10. O-O Nxc3 11. bxc3 Bd6 12. Re1 Nd7 13. Qe2 Nf6 14. c4 b6
15. Bc3 Bb7 16. Rac1 Rc8 17. Ne5 Qc7 18. f4 Nd7 19. Qg4 f5 20. Qh4 Nxe5 21.
fxe5 Be7 22. Qh3 Rfd8 23. d5 Bg5 24. Rc2 Qc5+ 25. Kh1 g6 26. d6 Kg7 27. Qg3 Rf8
28. h4 Bd8 29. Rf1 Kh7 30. Bd2 Qd4 31. Rf4 Qxe5 1/2-1/2

[Event "?"]
[Site "?"]
[Date "????.??.??"]
[Round "?"]
[White "Böttcher, U."]
[Black "Petzold, H."]
[Result "1/2-1/2"]
[WhiteElo "2063"]
[BlackElo "2152"]
[PlyCount "137"]
[EventDate "2010.??.??"]
[WhiteTeam "Schleswig-Holstein"]
[BlackTeam "USV TU Dresden"]

1. c4 g6 2. Nc3 Bg7 3. g3 d6 4. Bg2 e5 5. Nf3 Nf6 6. O-O O-O 7. d3 c6 8. Bd2 h6
9. Rc1 a5 10. a3 Na6 11. e3 Re8 12. Qc2 Bg4 13. h3 Be6 14. b3 Qd7 15. Kh2 Nh7
16. Ne2 Nc5 17. b4 axb4 18. axb4 e4 19. dxe4 Nxe4 20. Qxe4 Bf5 21. Qf4 g5 22.
Nxg5 hxg5 23. Qf3 g4 24. Qf4 Be5 25. Qh6 Bg7 26. Qf4 Bd3 27. Rfe1 Ra2 28. e4
Re6 29. Ng1 Rg6 30. Be3 Bb2 31. Rcd1 Bxc4 32. Bc5 Bc3 33. e5 d5 34. Re4 Qe6 35.
Rxc4 dxc4 36. Rd8+ Kg7 37. Rd6 Qxe5 38. Qxc4 Rxd6 39. Bxd6 Qxd6 40. Qxa2 Qxb4
41. hxg4 Nf6 42. f3 Qb2 43. Qxb2 Bxb2 44. Ne2 c5 45. g5 Nd7 46. f4 b6 47. Be4
c4 48. Kg2 Nc5 49. Bc2 b5 50. Kf3 Nd3 51. Ke3 Ne1 52. Be4 b4 53. Nd4 Bxd4+ 54.
Kxd4 c3 55. Kc4 c2 56. Bxc2 Nxc2 57. Kb3 Nd4+ 58. Kxb4 Ne2 59. Kc4 Nxg3 60. Kd5
Kg6 61. Ke5 Nf5 62. Ke4 Ng7 63. Ke5 Ne8 64. Ke4 Nd6+ 65. Ke5 Nb7 66. Ke4 Nd8
67. Ke5 Nc6+ 68. Ke4 Kg7 69. Kf5 1/2-1/2

[Event "?"]
[Site "?"]
[Date "????.??.??"]
[Round "?"]
[White "Schmidt, M."]
[Black "Walter, G."]
[Result "1/2-1/2"]
[WhiteElo "2128"]
[BlackElo "2281"]
[PlyCount "60"]
[EventDate "2010.??.??"]
[WhiteTeam "Dresden-Striesen"]
[BlackTeam "Brandenburg"]

1. d4 Nf6 2. Nf3 c5 3. e3 g6 4. c4 Bg7 5. Nc3 O-O 6. Be2 cxd4 7. exd4 d5 8. h3
Nc6 9. O-O Bf5 10. a3 Rc8 11. Be3 dxc4 12. Bxc4 Ne4 13. Rc1 Na5 14. Be2 Nxc3
15. Rxc3 Rxc3 16. bxc3 Qd5 17. Nd2 b5 18. a4 a6 19. axb5 axb5 20. Qa1 Nc4 21.
Nxc4 bxc4 22. Qa6 Be6 23. Ra1 Rc8 24. Ra4 h5 25. Bf3 Qd6 26. Qxd6 exd6 27. Ra8
Rxa8 28. Bxa8 d5 29. Bc6 f6 30. g4 hxg4 1/2-1/2

[Event "?"]
[Site "?"]
[Date "????.??.??"]
[Round "?"]
[White "Tröger, R."]
[Black "Barz, H."]
[Result "1-0"]
[WhiteElo "2159"]
[BlackElo "2030"]
[PlyCount "67"]
[EventDate "2010.??.??"]
[WhiteTeam "Brandenburg"]
[BlackTeam "Dresden-Striesen"]

1. Nf3 Nf6 2. d3 Nc6 3. g3 e5 4. Bg2 d5 5. O-O Be6 6. Nbd2 Qd7 7. Ng5 O-O-O 8.
c4 h6 9. Nxe6 fxe6 10. a3 h5 11. h4 Kb8 12. b4 g5 13. hxg5 Ng4 14. cxd5 exd5
15. Nf3 Ne7 16. Bb2 d4 17. Nh4 Nf5 18. Bc1 Be7 19. Be4 Nxh4 20. gxh4 Rdg8 21.
Qb3 Nf6 22. Bg2 Qg4 23. f3 Qxh4 24. Qe6 Ng4 25. fxg4 hxg4 26. Rf2 Bxg5 27. Qd5
c6 28. Qxe5+ Ka8 29. Bxg5 Rxg5 30. Qf4 a6 31. a4 Qh5 32. Qg3 Qg6 33. a5 Rb5 34.
Raf1 1-0

[Event "?"]
[Site "?"]
[Date "????.??.??"]
[Round "?"]
[White "Groschup, G."]
[Black "Skorna, U."]
[Result "1-0"]
[WhiteElo "1992"]
[BlackElo "2101"]
[PlyCount "111"]
[EventDate "2010.??.??"]
[WhiteTeam "Dresden-Striesen"]
[BlackTeam "Brandenburg"]

1. d4 e6 2. c4 Nf6 3. Nf3 b6 4. e3 Bb7 5. Be2 d5 6. cxd5 exd5 7. O-O Nbd7 8.
Nc3 Be7 9. Bd3 O-O 10. a3 c5 11. b3 Re8 12. Bb2 Rc8 13. Rc1 Bd6 14. Ne2 Qe7 15.
Ng3 Bxg3 16. hxg3 Ne4 17. Qe2 Nf8 18. Rfd1 Red8 19. a4 Qe6 20. Ne5 f6 21. Nf3
Nd7 22. Nh2 Re8 23. Qh5 g6 24. Qh4 c4 25. Bxe4 dxe4 26. bxc4 Rxc4 27. Rxc4 Qxc4
28. Rc1 Qxa4 29. Ng4 Qb3 30. Rc7 Bc8 31. Nxf6+ Nxf6 32. Qxf6 Qd1+ 33. Kh2 Qh5+
34. Qh4 Qxh4+ 35. gxh4 a5 36. d5 b5 37. d6 Rd8 38. Bf6 Rxd6 39. Rxc8+ Kf7 40.
Bd4 Rd5 41. Rc7+ Ke6 42. Rxh7 b4 43. Rb7 Kd6 44. Rb6+ Kc7 45. Rxg6 a4 46. Rg5
Rxd4 47. exd4 a3 48. Ra5 Kb6 49. Ra8 Kb5 50. h5 Kc4 51. h6 b3 52. h7 b2 53.
h8=Q b1=Q 54. Ra4+ Kd3 55. Rxa3+ Ke2 56. Qg8 1-0

[Event "?"]
[Site "?"]
[Date "????.??.??"]
[Round "?"]
[White "Bernhöft, E."]
[Black "Günther, E."]
[Result "1/2-1/2"]
[WhiteElo "2024"]
[BlackElo "2039"]
[PlyCount "84"]
[EventDate "2010.??.??"]
[WhiteTeam "Brandenburg"]
[BlackTeam "Dresden-Striesen"]

1. g3 d5 2. Bg2 Nf6 3. d3 e6 4. c4 g6 5. Nf3 Bg7 6. Nc3 O-O 7. O-O a6 8. Bg5 h6
9. Be3 Nc6 10. Bc5 Re8 11. e4 d4 12. Ne2 e5 13. h3 Be6 14. Kh2 Nd7 15. Ba3 Bf8
16. Bxf8 Rxf8 17. Nh4 Ne7 18. f4 f5 19. fxe5 Nxe5 20. Nf4 Bc8 21. exf5 g5 22.
Nhg6 Rxf5 23. Nxe7+ Qxe7 24. Nd5 Qd6 25. Be4 Rxf1 26. Qxf1 c6 27. Nf6+ Kh8 28.
Ne8 Qe7 29. Qf6+ Qxf6 30. Nxf6 Be6 31. Kg2 Rf8 32. Rf1 h5 33. g4 hxg4 34. hxg4
Bxg4 35. Rh1+ Kg7 36. Nxg4 Nxg4 37. Rh7+ Kf6 38. Rxb7 c5 39. Kg3 Ne3 40. Rc7
Nf1+ 41. Kg4 Ne3+ 42. Kg3 Nf1+ 1/2-1/2

[Event "?"]
[Site "?"]
[Date "????.??.??"]
[Round "?"]
[White "Ulker, A."]
[Black "Ingvason, S."]
[Result "1-0"]
[WhiteElo "2140"]
[BlackElo "2048"]
[PlyCount "51"]
[EventDate "2010.??.??"]
[WhiteTeam "Türkei"]
[BlackTeam "Schweden 3"]
[WhiteTeamCountry "TUR"]

1. e4 c5 2. Nf3 Nc6 3. d4 cxd4 4. Nxd4 g6 5. Nc3 Bg7 6. Be3 d6 7. Bc4 Nf6 8. f3
O-O 9. Qd2 Bd7 10. Bb3 Na5 11. h4 e5 12. Nde2 Nxb3 13. axb3 Bc6 14. O-O-O Qa5
15. Qxd6 Qa1+ 16. Nb1 Qa6 17. Nec3 Qa5 18. b4 Qa6 19. Na3 Rfd8 20. Qxd8+ Rxd8
21. Rxd8+ Be8 22. Nd5 Qe6 23. Bg5 h6 24. Bxf6 Kh7 25. Bxg7 Kxg7 26. Nc7 1-0

[Event "?"]
[Site "?"]
[Date "????.??.??"]
[Round "?"]
[White "Gustavsson, S."]
[Black "Pekun, C."]
[Result "1/2-1/2"]
[WhiteElo "2029"]
[BlackElo "2229"]
[PlyCount "70"]
[EventDate "2010.??.??"]
[WhiteTeam "Schweden 3"]
[BlackTeam "Türkei"]
[BlackTeamCountry "TUR"]

1. d4 Nf6 2. Nf3 c5 3. e3 b6 4. Bd3 Bb7 5. Nbd2 g6 6. O-O Bg7 7. Qe2 O-O 8. c3
Nc6 9. e4 cxd4 10. Nxd4 Ne5 11. Bc2 d6 12. f4 Nc6 13. Nxc6 Bxc6 14. Nb3 e6 15.
Nd4 Bb7 16. Nf3 Rc8 17. h3 Qc7 18. Bd2 a6 19. Rae1 b5 20. Bd3 d5 21. e5 Nd7 22.
g4 Rfe8 23. g5 Bf8 24. Nh2 Bc5+ 25. Be3 Bxe3+ 26. Qxe3 Qc5 27. a3 Red8 28. Nf3
Qxe3+ 29. Rxe3 Nb6 30. Nd4 Nc4 31. Bxc4 dxc4 32. h4 Bd5 33. Rf2 Kg7 34. Rh2 Rh8
35. h5 h6 1/2-1/2

[Event "?"]
[Site "?"]
[Date "????.??.??"]
[Round "?"]
[White "Muratoglu, S."]
[Black "Sandklef, A."]
[Result "1-0"]
[WhiteElo "2083"]
[BlackElo "2009"]
[PlyCount "91"]
[EventDate "2010.??.??"]
[WhiteTeam "Türkei"]
[BlackTeam "Schweden 3"]
[WhiteTeamCountry "TUR"]

1. d4 d5 2. c4 c6 3. Nc3 Nf6 4. Nf3 dxc4 5. e4 b5 6. Ne5 e6 7. Bg5 Be7 8. Qf3
Qxd4 9. Qf4 Bd6 10. Rd1 Qxe5 11. Rxd6 Qxf4 12. Bxf4 Ke7 13. Rd2 Rd8 14. e5 Nd5
15. Bg3 Kf8 16. Ne4 Na6 17. a4 Bb7 18. Nd6 Rxd6 19. exd6 Nc5 20. axb5 cxb5 21.
Be2 Ke8 22. b3 Nxb3 23. Rb2 Bc6 24. O-O a5 25. f4 a4 26. f5 Ne3 27. fxe6 fxe6
28. Rf2 c3 29. Ra2 b4 30. Bd3 Nd4 31. Bxh7 Ndf5 32. Rae2 c2 33. Rxc2 Nxc2 34.
Rxc2 Kd7 35. Be5 b3 36. Rf2 Nxd6 37. Bxg7 a3 38. Rd2 Bd5 39. Bd3 Rc8 40. h4
Rc1+ 41. Kh2 a2 42. h5 a1=Q 43. Bxa1 Rxa1 44. h6 Ra2 45. Re2 Rxe2 46. Bxe2 1-0

[Event "?"]
[Site "?"]
[Date "????.??.??"]
[Round "?"]
[White "Nystrom, R."]
[Black "Stuerzenbaum, A."]
[Result "1-0"]
[WhiteElo "1980"]
[BlackElo "2192"]
[PlyCount "49"]
[EventDate "2010.??.??"]
[WhiteTeam "Schweden 4"]
[BlackTeam "Wien 2"]

1. d4 Nf6 2. c4 g6 3. Nc3 Bg7 4. e4 d6 5. Be2 O-O 6. Bg5 Na6 7. Qd2 e5 8. d5
Qe8 9. h4 Nc5 10. f3 Nh5 11. g4 Nf4 12. Nh3 Nxh3 13. Rxh3 f6 14. Be3 Rf7 15.
O-O-O Bf8 16. Rh2 a5 17. Rdh1 Bd7 18. g5 f5 19. h5 Bg7 20. hxg6 hxg6 21. Bf1
Qe7 22. Rh7 Rff8 23. Qh2 f4 24. Bxc5 dxc5 25. d6 1-0

[Event "?"]
[Site "?"]
[Date "????.??.??"]
[Round "?"]
[White "Teichmeister, S."]
[Black "Wiman, K."]
[Result "1/2-1/2"]
[WhiteElo "2092"]
[BlackElo "1993"]
[PlyCount "80"]
[EventDate "2010.??.??"]
[WhiteTeam "Wien 2"]
[BlackTeam "Schweden 4"]

1. e4 e6 2. d4 d5 3. Nc3 Nf6 4. Bg5 dxe4 5. Nxe4 Be7 6. Bxf6 Bxf6 7. Nf3 Nc6 8.
Bb5 O-O 9. Bxc6 bxc6 10. O-O g6 11. Nxf6+ Qxf6 12. Ne5 c5 13. Qf3 Qxf3 14. Nxf3
cxd4 15. Nxd4 Bb7 16. Rad1 a6 17. c4 Rad8 18. Nb3 Rfe8 19. Nc5 Bc8 20. f4 Kf8
21. Kf2 Ke7 22. h3 a5 23. a3 Rd6 24. Ne4 Rdd8 25. b4 axb4 26. axb4 Bb7 27. Nc5
Bc8 28. Ke3 Rd6 29. Ne4 Rb6 30. b5 h6 31. Rd2 f5 32. Nc5 Rd6 33. Rfd1 Red8 34.
h4 Rg8 35. Nb3 Bb7 36. g3 Rxd2 37. Rxd2 g5 38. hxg5 hxg5 39. Nc5 Bc8 40. Kf3
gxf4 1/2-1/2

[Event "?"]
[Site "?"]
[Date "????.??.??"]
[Round "?"]
[White "Gummesson, I."]
[Black "Titz, H."]
[Result "0-1"]
[WhiteElo "1863"]
[BlackElo "2041"]
[PlyCount "104"]
[EventDate "2010.??.??"]
[WhiteTeam "Schweden 4"]
[BlackTeam "Wien 2"]

1. d4 Nf6 2. c4 c5 3. e3 g6 4. Nf3 Bg7 5. Nc3 O-O 6. Bd3 d5 7. O-O dxc4 8. Bxc4
cxd4 9. exd4 e6 10. Bg5 Qc7 11. Qe2 a6 12. Rac1 Nc6 13. Bd3 Qa5 14. Bd2 Qd8 15.
Be3 Qd6 16. Rfd1 Bd7 17. Bb1 Rac8 18. g3 Rfd8 19. Bf4 Qe7 20. a3 Be8 21. Ba2 h6
22. h4 b5 23. b4 Qb7 24. Rd3 Ne7 25. Re1 Ned5 26. Nxd5 Nxd5 27. Be3 Nc3 28. Qb2
Nxa2 29. Bf4 Bc6 30. Qxa2 Bxf3 31. Qd2 Kh7 32. Ree3 Bd5 33. Qd1 Rc4 34. g4 Rdc8
35. Re1 Rc3 36. Kh2 Bf3 37. Qd2 Rxd3 38. Qxd3 Bxg4 39. Rg1 Qf3 40. Qxf3 Bxf3
41. Rg3 Be4 42. Be3 Rc4 43. f3 Bf5 44. Rg2 Rc2 45. Rxc2 Bxc2 46. Kg3 Bf6 47. f4
Kg7 48. Bf2 Kf8 49. Kf3 Ke7 50. Ke3 Kd6 51. Kd2 Bf5 52. Kc3 Kd5 0-1